| 000 | 00501nam a2200181Ia 4500 | ||
|---|---|---|---|
| 008 | 240925s9999 xx 000 0 und d | ||
| 020 | _a817656804x | ||
| 082 | _a005.43 SMI | ||
| 100 | _aSmith ,Roderick W. | ||
| 245 | 0 | _aLinux: power tools | |
| 250 | _aNA | ||
| 260 |
_aNew Delhi: _bBPB Publication _c,2003. |
||
| 300 |
_axxiv,760p. _bNA _fInternational Edition |
||
| 500 | _aIncludes Index | ||
| 600 | _aComputer Science | ||
| 650 | _aComputer science, information & general works | ||
| 942 | _cBK | ||
| 999 |
_c7906 _d7906 |
||